Datum a čas kvízu

13 Celkem bodů Celkový počet nahraných bodů na tomto kvízu bez doplňovacích otázek.
3. Pořadí na kvízu Konečné umístění týmu na tomto kvízu.

Zaznamenané odpovědi

# Otázka Odpověď Body Výsledky
1. Ředitelství silnic a dálnic v... 0
2. Neobvyklý trest dostal starost... 0
3. Tento hvězdný pár už spolu asi... 0.5
4. Vítězem ocenění Podnikatel rok... 0
5. Se kterou sportovní událostí b... 0
6. Které z těchto děl Karla Čapka... 0
7. Tento obraz Františka Kupky se... 0
8. Toto dílo by bylo zbytečné pře... 1
9. Která osobnost televizní zábav... 1
10. Přiřaďte naše klasické filmy k... 0